000 00417nam a22001697a 4500
999 _c4584
_d4584
003 GBCCL
005 20241126110521.0
008 180125b xxu||||| |||| 00| 0 eng d
040 _cgbc
082 _a252
_bCHO
100 _aChoate, J. C.
_9158
245 _aExhortations /
_cJ. C. Choate
260 _bChurch Of Christ,
_aNew Delhi:
_c1977
300 _av.;
_c18 cm.
650 _aExhortation
_911483
942 _2ddc
_cBK